Szczegóły MARC21

DDR-Literatur in der Bundesrepublik Deutschland : die Rezeption der epischen DDR-Literatur in der BRD 1961-1975 /

005 -DATA I CZAS OSTATNIEJ MODYFIKACJI [,]
    • @
    • pole kontrolne
    • 20070315155141.9
020 -Międzynarod. znormalizowany nr książki - ISBN [ , ]
    • a
    • Numer ISBN
    • 3445015198 Find
040 -Instytucja sporządzająca opis [ , ]
    • a
    • Instytucja, która sporządziła opis (NP)
    • SZCZ U
    • c
    • Instytucja, która sporządziła rekord (NP)
    • SZCZ U
041 -Język dokumentu [0, ]
    • a
    • Język tekstu (P)
    • niemiecki
    • h
    • Język tekstu oryginalnego i/lub pośredniego (P)
    • niemiecki
942 -Rodzaj dokumentu [ , ]
    • c
    • Rodzaj dokumentu
    • Książka
100 -Hasło główne - nazwa osobowa [ , ]
    • a
    • Nazwa osobowa (NP)
    • BEHN MANFRED
245 -Strefa tytułu i oznaczenia odpowiedzialności [1, ]
    • a
    • Tytuł
    • DDR-Literatur in der Bundesrepublik Deutschland : Find
    • b
    • Ciąg dalszy tytułu (NP)
    • die Rezeption der epischen DDR-Literatur in der BRD 1961-1975 / Find
260 -Strefa adresu wydawniczego [ , ]
    • a
    • Miejsce wydania (P)
    • Meisenheim am Glan :
    • b
    • Nazwa wydawcy (P)
    • A.Hain,
    • c
    • Data wydania (P)
    • 1977.
300 -Strefa opisu fizycznego [ , ]
    • a
    • Określenie formy książki i/lub objętość (NP)
    • 190 s. :
    • c
    • Format (NP)
    • 21 cm.
490 -Strefa serii i książki wielotomowej - forma nie do wyszukiwania [0, ]
    • a
    • Tytuł (P)
    • (Hochschulschriften. Literaturwissenschaft ; Find
    • v
    • Numeracja (P)
    • 34
500 -Uwaga ogólna [ , ]
    • a
    • Uwaga ogólna (NP)
    • Bibliogr
080 -Uniwersalna Klasyfikacja Dziesiętna [ , ]
    • a
    • Symbol klasyfikacji
    • 830(430.2+430.1)(091)"1961/1975"
080 -Uniwersalna Klasyfikacja Dziesiętna [ , ]
    • a
    • Symbol klasyfikacji
    • :82.091=30
980 -Symbol UKD [ , ]
    • a
    • UKD
    • 830(430.2+430.1)(091)"1961/1975":82.091]=30
920 -ISBN [ , ]
    • a
    • ISBN
    • 3-445-01519-8 Find
Sygnatura Numer inwentarzowy Status udost. Lokalizacja Data inwentaryzacji
GERM. Lit. niem. - lit. NRD 03G.16191BM2000-02-03